Größte Gemeinden von den Niederlanden - Statistiken

Allgemein
  • Dieses Quiz wurde 27 mal gespielt
  • Das Durchschnittsergebnis liegt bei 28 aus 91
Antwortstatistiken
Einwohnerzahl Gemeinde % Korrekt
934.927 Amsterdam
89%
565.701 Den Haag
89%
671.125 Rotterdam
83%
246.443 Eindhoven
78%
243.833 Groningen
78%
374.411 Utrecht
78%
112.311 Alkmaar
72%
167.763 Haarlem
72%
167.651 Arnhem
67%
188.217 Breda
67%
130.181 Leiden
67%
125.203 Maastricht
67%
103.785 Venlo
67%
133.133 Zwolle
67%
226.630 Almere
61%
161.741 Enschede
61%
75.763 Gouda
61%
187.011 Nijmegen
61%
109.573 Delft
56%
229.797 Tilburg
56%
74.355 Almelo
50%
128.857 Leeuwarden
50%
160.740 ’s-Hertogenbosch
50%
161.825 Amersfoort
44%
56.452 Den Helder
44%
103.402 Deventer
44%
109.361 Emmen
44%
51.794 Heerenveen
44%
60.749 Roermond
44%
92.624 Sittard-Geleen
44%
168.212 Apeldoorn
39%
69.691 Assen
39%
87.498 Heerlen
39%
94.426 Hilversum
39%
84.091 Lelystad
39%
122.089 Dordrecht
33%
83.051 Hengelo
33%
77.566 Roosendaal
33%
51.060 Weert
33%
128.424 Zoetermeer
33%
95.884 Helmond
28%
56.581 Hoogeveen
28%
75.621 Hoorn
28%
69.663 Bergen op Zoom
22%
163.196 Haarlemmermeer
22%
94.643 Oss
22%
81.855 Schiedam
22%
161.429 Zaanstad
22%
123.489 Ede
17%
62.935 Hardenberg
17%
56.186 Kampen
17%
66.960 Katwijk
17%
65.974 Nieuwegein
17%
57.925 Oosterhout
17%
55.128 Terneuzen
17%
69.437 Veenendaal
17%
53.730 Woerden
17%
66.623 Zeist
17%
95.007 Amstelveen
11%
62.603 Barneveld
11%
67.948 Capelle aan den IJssel
11%
59.613 Doetinchem
11%
50.855 Houten
11%
69.238 Velsen
11%
61.650 Vijfheerenlanden
11%
115.984 Westland
11%
114.968 Alphen aan den Rijn
6%
58.293 Altena
6%
51.860 Goeree-Overflakkee
6%
60.353 Gooise Meren
6%
90.257 Hoeksche Waard
6%
57.775 Krimpenerwaard
6%
91.725 Land van Cuijk
6%
78.246 Leidschendam-Voorburg
6%
84.293 Meierijstad
6%
87.626 Nissewaard
6%
57.948 Pijnacker-Nootdorp
6%
95.177 Purmerend
6%
59.640 Rijswijk
6%
56.654 Smallingerland
6%
65.893 Stichtse Vecht
6%
90.435 Súdwest-Fryslân
6%
76.472 Vlaardingen
6%
74.342 Voorne aan Zee
6%
52.947 West Betuwe
6%
64.893 Westerkwartier
6%
51.928 De Fryske Marren
0%
90.050 Dijk en Waard
0%
65.600 Lansingerland
0%
59.209 Maashorst
0%
61.450 Midden-Groningen
0%
Keine übereinstimmenden Quizze gefunden
Verteilung der Resultate
Anzahl Personen mit jedem Resultat
Perzentil nach korrekt beantworteten Fragen
Ihre Resultats-Entwicklung
Sie haben dieses Quiz noch nicht gespielt